000 01404 a2200277 4500
001 32953
005 20260407155624.0
008 260407a2015 arg spa d
003 AR-UNSa-BCEJYS
040 _aAR-UNSa-BCEJYS
_bspa
_cAR-UNSa-BCEJYS
080 _a336.226
_xTipos de impuestos. Impuestos directos e indirectos
245 1 0 _aImpuestos sobre los bienes personales y a la ganancia mínima presunta
_pexplicados y comentados
020 _a978-987-01-1734-6
250 _a3a. ed
264 1 _aBuenos Aires :
_bErrepar
_c2015
300 _a139 p.
_c27 cm.
505 _aImpuesto sobre los bienes personales: 1. Imposición sobre el patrimonio - 2. Hecho imponible - 3. Exenciones - 4. Valuación de bienes - 5. Régimen de responsabilidad sustituta - 6. Liquidación y pago del impuesto -- Impuesto a la ganancia mínima presunta: 1. Impuesto a la ganancia mínima presunta - 2. Hecho imponible - 3. Bienes exentos, no computables y no considerados como activos - 4. Valuación de bienes - 5. Liquidación y pago del impuesto
041 _aspa
942 _cBK
590 _aniveau_biblio:m niveau_hierar:0
100 1 _aCeldeiro, Ernesto Carlos
700 1 _aImirizaldu, Juan José
700 1 _aGómez, María Celeste
700 1 _aRofrano, Guido Omar
856 4 1 _uhttps://biblioeco.unsa.edu.ar/pmb/images/libros/impuesto_bnspers_gnciaminpresunta.jpg
_yImagen de portada
_qimage/jpeg
999 _c2309
_d2309